| 000 | 00959nam a2200217 a 4500 | ||
|---|---|---|---|
| 001 | 000041725 | ||
| 005 | 20201002035723.0 | ||
| 008 | 131016s1988 sp ab 000 0 spa d | ||
| 020 | _a840006867X | ||
| 040 |
_aDO-SdBNP _bspa _cBNPHU |
||
| 082 |
_axxx _bC127p |
||
| 100 | 1 |
_aCañedo-Argüelles Fabrega, Teresa _967668 |
|
| 245 | 1 | 3 |
_aLa provincia de corrientes en los siglos XVI y XVII. Un modelo de colonización en el alto parana / _cTeresa Cañedo-Argüelles Fabrega ; prólogo Alfredo Jiménez. |
| 260 |
_aMadrid : _bConsejo Superior de Investigaciones Científicas, Centro de Estudios Históricos, Departamento de Historia de América, _c1988. |
||
| 300 |
_a257 p. : _bil., maps ; _c24 cm. |
||
| 490 | 1 |
_aTierra nueva e cielo nuevo _v23 |
|
| 500 | _aIncluye referencias bibliográficas y notas al pie de páginas. | ||
| 504 | _aBibliografía: p. 251-257 | ||
| 700 | 1 | 2 |
_aJiménez, Alfredo _epról. _968558 |
| 830 | 0 |
_aTierra nueva e cielo nuevo _n23 _968559 |
|
| 999 |
_c41214 _d41214 |
||